Использование формата OpenUMS для реализации интегрированной электронной медицинской карты; Врач и информационные технологии; № 1
| Parent link: | Врач и информационные технологии.— , 2004- № 1.— 2013.— [С. 38-45] |
|---|---|
| Glavni avtor: | |
| Korporativna značnica: | |
| Drugi avtorji: | |
| Izvleček: | Заглавие с экрана Рассмотрен вопрос организации медицинских данных в электронном виде, законодательные предпосылки и международные стандарты в данной сфере. Приведена разработанная модель построения медицинского документа, описаны её основные элементы. Рассмотрено применение модели при разработке системы сбора интегрированной электронной медицинской карты в рамках взаимодействия со сторонней медицинской системой Режим доступа: по договору с организацией-держателем ресурса |
| Jezik: | ruščina |
| Izdano: |
2013
|
| Teme: | |
| Online dostop: | http://elibrary.ru/item.asp?id=19410209 |
| Format: | MixedMaterials Elektronski Book Chapter |
| KOHA link: | https://koha.lib.tpu.ru/cgi-bin/koha/opac-detail.pl?biblionumber=636160 |
MARC
| LEADER | 00000nla0a2200000 4500 | ||
|---|---|---|---|
| 001 | 636160 | ||
| 005 | 20250313144711.0 | ||
| 035 | |a (RuTPU)RU\TPU\network\41 | ||
| 090 | |a 636160 | ||
| 100 | |a 20131010d2013 k||y0rusy50 ca | ||
| 101 | 0 | |a rus | |
| 102 | |a RU | ||
| 135 | |a drcn ---uucaa | ||
| 181 | 0 | |a i | |
| 182 | 0 | |a b | |
| 200 | 1 | |a Использование формата OpenUMS для реализации интегрированной электронной медицинской карты |f А. А. Пономарев, Г. Д. Копаница | |
| 203 | |a Текст |c электронный | ||
| 300 | |a Заглавие с экрана | ||
| 320 | |a [Библиогр.: с. 45 (10 назв.)] | ||
| 330 | |a Рассмотрен вопрос организации медицинских данных в электронном виде, законодательные предпосылки и международные стандарты в данной сфере. Приведена разработанная модель построения медицинского документа, описаны её основные элементы. Рассмотрено применение модели при разработке системы сбора интегрированной электронной медицинской карты в рамках взаимодействия со сторонней медицинской системой | ||
| 333 | |a Режим доступа: по договору с организацией-держателем ресурса | ||
| 461 | |t Врач и информационные технологии |d 2004- | ||
| 463 | |t № 1 |v [С. 38-45] |d 2013 | ||
| 610 | 1 | |a электронный ресурс | |
| 610 | 1 | |a труды учёных ТПУ | |
| 610 | 1 | |a медицина | |
| 610 | 1 | |a информационные системы | |
| 610 | 1 | |a электронные карты | |
| 610 | 1 | |a медицина | |
| 610 | 1 | |a ISO 13606 | |
| 700 | 1 | |a Пономарев |b А. А. |c специалист в области информатики и вычислительной техники |c доцент Томского политехнического университета, кандидат технических наук |f 1979- |g Алексей Анатольевич |3 (RuTPU)RU\TPU\pers\25944 |9 11794 | |
| 701 | 1 | |a Копаница |b Г. Д. |c специалист в области оптимизации систем управления |c ассистент, кандидат технических наук Томского политехнического университета |f 1985- |g Георгий Дмитриевич |3 (RuTPU)RU\TPU\pers\27797 | |
| 712 | 0 | 2 | |a Национальный исследовательский Томский политехнический университет (ТПУ) |b Институт кибернетики (ИК) |b Кафедра автоматики и компьютерных систем (АИКС) |3 (RuTPU)RU\TPU\col\18698 |
| 801 | 2 | |a RU |b 63413507 |c 20140707 |g RCR | |
| 856 | 4 | |u http://elibrary.ru/item.asp?id=19410209 | |
| 942 | |c CF | ||